00411nam a2200145Ia 4500008004100000020001500041041001200056082001100068100002200079245009500101260003100196300000800227650001400235700001600249221030s9999 xx 000 0 und d a0333926250 aEnglish a105.23 aV. S. Janakiraman 0aFoundations of Artificial Intelligence & Expert Systemscby V. S. Janakiraman, K. Sarukesi bMacmillanaNew Delhic2010 a231 aComputers aK. Sarukesi